| 000 | 00438nam a2200181Ia 4500 | ||
|---|---|---|---|
| 001 | 964 | ||
| 005 | 20260306140557.0 | ||
| 008 | 260306t1997||||xx |||||||||||||| ||spa|| | ||
| 041 | _aESP | ||
| 082 |
_a174.4 _bS29 1997 |
||
| 100 |
_aSchmidt, Eduardo, 1939- _eAUT |
||
| 245 | 0 | _aÉtica y negocios para América Latina | |
| 260 | _c1997 | ||
| 300 |
_a587 páginas : _c21 cm. |
||
| 650 | _aGEN | ||
| 654 | _aCHU | ||
| 942 |
_cLIB _dJUS _fJUS _2ddc _n |
||
| 999 |
_c964 _d964 |
||